Trèsor de chronologie d'histoire et de gèographie pour l'étude et l'emploi des documents du mogen age / (Record no. 159078)

MARC details
000 -LEADER
campo de control de longitud fija 00615nam a2200157 i 4500
001 - NÚMERO DE CONTROL
campo de control 159078
003 - IDENTIFICADOR DE NÚMERO DE CONTROL
campo de control ES-MaACL
005 - FECHA Y HORA DE LA ÚLTIMA TRANSACCIÓN
campo de control 20230906211436.0
008 - DATOS DE LONGITUD FIJA--INFORMACIÓN GENERAL
campo de control de longitud fija 931025s1889 fr d |||| | fre d
100 1# - ENTRADA PRINCIPAL--NOMBRE DE PERSONA
Nombre de persona Mas Latrie, Louis de (
Fechas asociadas al nombre 1815-1897)
9 (RLIN) 129685
245 10 - MENCIÓN DEL TÍTULO
Título Trèsor de chronologie d'histoire et de gèographie pour l'étude et l'emploi des documents du mogen age /
Mención de responsabilidad, etc. par M. Le Cte. de Mas Latrie.
260 ## - PUBLICACIÓN, DISTRIBUCIÓN, ETC.
Lugar de publicación, distribución, etc. Paris :
Nombre del editor, distribuidor, etc. Librairie Victor Palme,
Fecha de publicación, distribución, etc. 1889 (
Fabricante Imprimerie de Marchessou fils)
300 ## - DESCRIPCIÓN FÍSICA
Extensión 2299 p. ;
Dimensiones 38 cm.
650 04 - PUNTO DE ACCESO ADICIONAL DE MATERIA--TÉRMINO DE MATERIA
Término de materia o nombre geográfico como elemento de entrada Cronología histórica.
9 (RLIN) 11458
852 ## - LOCALIZACIÓN
Ubicación ES-MaACL
Número de control de estantería C-2460
Nota libre -- Enc. pasta
Holdings
Estatus retirado Estado de pérdida Estado de daño No para préstamo Colección Biblioteca de origen Biblioteca actual Ubicación en estantería Fecha de adquisición Fuente de adquisición Total de préstamos Signatura topográfica completa Código de barras Visto por última vez Precio de reemplazo Tipo de ítem Koha
        Libros del s. XIX Biblioteca del Ateneo de Madrid Biblioteca del Ateneo de Madrid Sala Palomar 17/01/2008     C-2460 1166531 23/02/2023 23/02/2023 Libro impreso antiguo